[Event "Kiev Spring op"]
[Site "Kiev"]
[Date "2023.03.30"]
[Round "8"]
[White "Kaitanskii, Andrei"]
[Black "Dvornitskaya, Elena"]
[Result "1-0"]
[WhiteElo "1547"]
[BlackElo "1878"]
[PlyCount "101"]
[EventDate "2023.03.25"]
[EventType "swiss"]
[EventRounds "9"]
[EventCountry "UKR"]
[SourceTitle "EXT 2024"]
[Source "ChessBase"]
[SourceDate "2023.10.10"]
[SourceVersion "1"]
[SourceVersionDate "2023.10.10"]
[SourceQuality "1"]

1. e4 d6 2. d4 Nf6 3. Nc3 g6 4. f3 Bg7 5. Be3 0-0 6. Qd2 e5 7. d5 c6 8. Bc4 b5 9. Bb3 b4 10. Na4 c5 11. Bc4 Bd7 12. b3 Bxa4 13. bxa4 Nbd7 14. Bb3 a5 15. c4 Nh5 16. 0-0-0 f5 17. Bg5 Qe8 18. g3 Nb6 19. Qc2 fxe4 20. fxe4 Qd7 21. Re1 Rf7 22. Be3 Raf8 23. Qd1 Nf6 24. Bd2 Nh5 25. Be3 h6 26. Kb1 Kh7 27. Bd2 Rf6 28. Be3 Qf7 29. Ne2 Rf3 30. Nc1 Qd7 31. Rhf1 Qf7 32. Rh1 Qd7 33. Rhf1 Qg4 34. Rh1 Qxe4+ 35. Bc2 Qxc4 36. Bd3 Qxd5 37. Qc2 e4 38. Bxe4 Qe5 39. Nb3 Nc4 40. Bc1 Rxb3+ 41. Qxb3 Nd2+ 42. Bxd2 c4 43. Bxg6+ Kxg6 44. Qc2+ Qf5 45. Qxf5+ Rxf5 46. g4 Rf2 47. gxh5+ Kxh5 48. Rhg1 Be5 49. Re3 Rxh2 50. Rf3 c3 51. Rf5+ 1-0